000 00513nam a22002057a 4500
003 OSt
005 20140310183104.0
008 130304t xxu||||| |||| 00| 0 eng d
020 _a9712715183
050 _aML 3509
_b.Q8 2004
082 _aFIL 781.65
_b.Q8 2004
245 _aPinoy jazz traditions
_cQuirino, Richie C.
260 _aPasig City
_bAnvil
_cc2004
300 _a212 p.
_bill.
_c23 cm.
521 _aCollege
526 _c1210L-1700L
541 _j1
562 _e1
942 _2lcc
_cBK
_kFIL
999 _c18770
_d18770